Quiz o Taco Hemingwayu - Statystyki

Ogólne statystyki
  • Ten quiz został rozwiązany 108 razy
  • Średni wynik to 10 z 15
Statystyki odpowiedzi
Pytanie Odpowiedź % Poprawnych
Rok urodzenia 1990
95%
Miejsce urodzenia Kair
95%
Nazwa albumu wydanego w 2023 1-800-OŚWIECENIE
88%
Prawdziwe personalia Filip Szcześniak
88%
Nazwa duetu, który współtworzył z Quebonafide TACONAFIDE
88%
Liczba Fryderyków, które zdobył 5
86%
Płyta, z której pochodzi utwór Polskie Tango Jarmark
83%
Pierwsza płyta jako Taco Trójkąt Warszawski
76%
Trzej producenci, którzy najczęściej pojawiają się w piosenkach Taco Rumak | Zeppy Zep | Borucci
68%
Pierwszy album studyjny Marmur
61%
Najpopularniejsza piosenka na Spotify, w której wystąpił Tamagotchi
58%
Poprzedni pseudonim Foodvillian
32%
Piosenka, która zajęła 1. miejsce w Liście Przebojów Trójki Następna Stacja
30%
Jak się nazywała trasa koncertowa tego duetu Ekodiesel Tour
21%
Najlepiej sprzedająca się płyta (ex aqueo z 1-800) Pocztówka z WWA, Lato '19
10%
Nie znaleziono quizów pasujących do podanych kryteriów
Rozkład punktacji
Procent ludzi z każdym wynikiem
Percentyl według liczby udzielonych odpowiedzi
Twoja historia wyników
Nie rozwiązałeś tego quizu